<?xml version="1.0" encoding="UTF-8"?>
<record
    xmlns:xsi="http://www.w3.org/2001/XMLSchema-instance"
    xsi:schemaLocation="http://www.loc.gov/MARC21/slim http://www.loc.gov/standards/marcxml/schema/MARC21slim.xsd"
    xmlns="http://www.loc.gov/MARC21/slim">

  <leader>02346    a2200193   4500</leader>
  <controlfield tag="001">54802</controlfield>
  <controlfield tag="005">20260407155824.0</controlfield>
  <controlfield tag="008">260407a1961    arg                 spa d</controlfield>
  <controlfield tag="003">AR-UNSa-BCEJYS</controlfield>
  <datafield tag="040" ind1=" " ind2=" ">
    <subfield code="a">AR-UNSa-BCEJYS</subfield>
    <subfield code="b">spa</subfield>
    <subfield code="c">AR-UNSa-BCEJYS</subfield>
  </datafield>
  <datafield tag="080" ind1=" " ind2=" ">
    <subfield code="a">316.728</subfield>
    <subfield code="x">Estilo de vida. Sociolog&#xED;a de la vida cotidiana</subfield>
  </datafield>
  <datafield tag="245" ind1="1" ind2="0">
    <subfield code="a">Manual de encuesta social</subfield>
  </datafield>
  <datafield tag="264" ind1=" " ind2="1">
    <subfield code="a">Madrid :</subfield>
    <subfield code="b">Ediciones Rialp</subfield>
    <subfield code="c">1961</subfield>
  </datafield>
  <datafield tag="300" ind1=" " ind2=" ">
    <subfield code="a">2 v.(010-398; 12-488)</subfield>
  </datafield>
  <datafield tag="505" ind1=" " ind2=" ">
    <subfield code="a">I. MANUAL DE ENCUESTA - Primera parte: Teor&#xED;a elemental de la encuesta - I. Primera etapa: Contacto global - II. Segunda etapa: Estudio estad&#xED;stico - III. Tercera etapa: Nueva intuici&#xF3;n global e intervenci&#xF3;n - Segunda parte: Pr&#xE1;ctica de la encuesta - I. Constituci&#xF3;n del equipo - II. Primer contacto global - III. Organizaci&#xF3;n - IV. Reuni&#xF3;n de datos - V. Preparaci&#xF3;n inicial de los datos - VI. Transici&#xF3;n de las unidades elementales a las unidades superiores - VII. Utilizaci&#xF3;n - VIII. Interpretaci&#xF3;n - IX. Tratamiento o intervenci&#xF3;n - X. Perspectivas - II. LA ENCUESTA RURAL - I. Localizaci&#xF3;n - II. La poblaci&#xF3;n - III. Estructura econ&#xF3;mico profesional - IV. Vida familiar - V. Equipo y vida social - VI. S&#xED;ntesis - III. LA ENCUESTA URBANA - I. Primer contacto global - II. Implantaci&#xF3;n y zonas de influencia - III. El barrio - IV. La ciudad en su conjunto - V. S&#xED;ntesis - IV. LA ENCUESTA PARA LA ORDENACI&#xD3;N REGIONAL - Primera parte: Determinaci&#xF3;n de las unidades de ordenaci&#xF3;n - I. Diversidad de las unidades de ordenaci&#xF3;n - II. Escalones de la ordenaci&#xF3;n - III. Delimitaci&#xF3;n de las unidades de ordenaci&#xF3;n - Segunda parte: An&#xE1;lisis de las estructuras - IV. Las estructuras f&#xED;sicas fundamentales - V. Las estructuras f&#xED;sicas transformadas - VI. Las estructuras demogr&#xE1;ficas y profesionales - VII. El microan&#xE1;lisis,las estructuras sociales y los niveles de vida - Tercera parte: El macroan&#xE1;lisis econ&#xF3;mico - VIII. Preparaci&#xF3;n del material - IX. Estudio de las posibilidades y de las producciones - X. Estudio de las condiciones generales de desarrollo - XI. Tendencias y previsiones a medio y largo plazo - Cuarta parte: La interpretaci&#xF3;n y los arbitrajes - XII. Recapitulaci&#xF3;n de los datos principales econ&#xF3;micos - XIII. Los arbitrajes - XIV. Las recomendaciones</subfield>
  </datafield>
  <datafield tag="942" ind1=" " ind2=" ">
    <subfield code="c">BK</subfield>
  </datafield>
  <datafield tag="590" ind1=" " ind2=" ">
    <subfield code="a">niveau_biblio:m niveau_hierar:0</subfield>
  </datafield>
  <datafield tag="100" ind1="1" ind2=" ">
    <subfield code="a">Lebret, L.J.</subfield>
  </datafield>
  <datafield tag="999" ind1=" " ind2=" ">
    <subfield code="c">5818</subfield>
    <subfield code="d">5818</subfield>
  </datafield>
  <datafield tag="952" ind1=" " ind2=" ">
    <subfield code="0">0</subfield>
    <subfield code="1">0</subfield>
    <subfield code="4">0</subfield>
    <subfield code="7">0</subfield>
    <subfield code="a">BCEJYS</subfield>
    <subfield code="b">BCEJYS</subfield>
    <subfield code="c">16</subfield>
    <subfield code="d">2026-04-07</subfield>
    <subfield code="l">0</subfield>
    <subfield code="o">316.728 L451 v.1</subfield>
    <subfield code="p">L21097</subfield>
    <subfield code="r">2026-04-07 15:58:24</subfield>
    <subfield code="w">2026-04-07</subfield>
    <subfield code="y">L</subfield>
  </datafield>
  <datafield tag="952" ind1=" " ind2=" ">
    <subfield code="0">0</subfield>
    <subfield code="1">0</subfield>
    <subfield code="4">0</subfield>
    <subfield code="7">0</subfield>
    <subfield code="a">BCEJYS</subfield>
    <subfield code="b">BCEJYS</subfield>
    <subfield code="c">16</subfield>
    <subfield code="d">2026-04-07</subfield>
    <subfield code="l">0</subfield>
    <subfield code="o">316.728 L451 v.2</subfield>
    <subfield code="p">L21098</subfield>
    <subfield code="r">2026-04-07 15:58:24</subfield>
    <subfield code="w">2026-04-07</subfield>
    <subfield code="y">L</subfield>
  </datafield>
</record>
